Comparison of organic fertilizer on cucumber(cucummis sativus) at crops station in royal university of agriculture; ប្រៀបធៀបជីធម្មជាតិទៅលើដំណាំត្រសក់ នៅក្នុងស្ថានីយ៏ដំណាំ សាកលវិទ្យាល័យភូមិន្ទកសិកម្ម (Record no. 7757)

000 -LEADER
fixed length control field 00766nam a22001577a 4500
003 - CONTROL NUMBER IDENTIFIER
control field OSt
005 - DATE AND TIME OF LATEST TRANSACTION
control field 20160323141139.0
008 - FIXED-LENGTH DATA ELEMENTS--GENERAL INFORMATION
fixed length control field 160323b xxu||||| |||| 00| 0 eng d
040 ## - CATALOGING SOURCE
Transcribing agency RUA
082 ## - DEWEY DECIMAL CLASSIFICATION NUMBER
Classification number AGR OUC 2009 B470 Or.1
100 ## - MAIN ENTRY--PERSONAL NAME
9 (RLIN) 8144
Personal name OUCH CHANRITH; អ៊ុច ចន្ទ័ឬទ្ធិ
245 ## - TITLE STATEMENT
Title Comparison of organic fertilizer on cucumber(cucummis sativus) at crops station in royal university of agriculture; ប្រៀបធៀបជីធម្មជាតិទៅលើដំណាំត្រសក់ នៅក្នុងស្ថានីយ៏ដំណាំ សាកលវិទ្យាល័យភូមិន្ទកសិកម្ម
260 ## - PUBLICATION, DISTRIBUTION, ETC. (IMPRINT)
Place of publication, distribution, etc. Phnom Penh
Name of publisher, distributor, etc. RUA
Date of publication, distribution, etc. 2009
300 ## - PHYSICAL DESCRIPTION
Extent xi;40p.
Other physical details ill.
Dimensions 29cm.
942 ## - ADDED ENTRY ELEMENTS (KOHA)
Source of classification or shelving scheme
Koha item type AGR
Holdings
Price effective from Date last seen Permanent Location Not for loan Date acquired Source of classification or shelving scheme Koha item type Lost status Withdrawn status Date last checked out Total Checkouts Shelving location Damaged status Barcode Current Location Full call number
2016-03-232016-12-13Library Block B 2016-03-23 AGR  2016-12-024B470 RUA046138Library Block BAGR OUC 2009 B470 Or.1
មជ្ឈមណ្ឌលឯការនៃសាកលវិទ្យាល័យភូមិន្ទកសិកម្មចំការដូង

Powered by Koha